[Event "Reykjavik op"]
[Site "Reykjavik"]
[Date "2024.03.16"]
[Round "2"]
[White "Haugen, Lars Tormod"]
[Black "Hafthorsson, Jon Ulfur"]
[Result "1-0"]
[WhiteElo "1945"]
[BlackElo "1738"]
[PlyCount "35"]
[EventDate "2024.03.15"]
[EventType "swiss"]
[EventRounds "9"]
[EventCountry "ISL"]
[SourceTitle "CB13_2024"]
[SourceDate "2024.03.27"]
[SourceVersion "1"]
[SourceVersionDate "2024.03.27"]
[SourceQuality "1"]

1. c4 Nf6 2. Nc3 g6 3. g3 Bg7 4. Bg2 0-0 5. e4 e5 6. Nge2 Nc6 7. 0-0 d6 8. d3 Be6 9. h3 Nh5 10. g4 Nf4 11. Nxf4 exf4 12. Bxf4 f5 13. exf5 gxf5 14. g5 Be5 15. Bxe5 Nxe5 16. f4 Ng6 17. h4 Nxh4 18. Qe1 1-0

[Event "Reykjavik op"]
[Site "Reykjavik"]
[Date "2024.03.16"]
[Round "3"]
[White "Li, Harry"]
[Black "Haugen, Lars Tormod"]
[Result "1-0"]
[WhiteElo "2107"]
[BlackElo "1945"]
[PlyCount "139"]
[EventDate "2024.03.15"]
[EventType "swiss"]
[EventRounds "9"]
[EventCountry "ISL"]
[SourceTitle "CB13_2024"]
[SourceDate "2024.03.27"]
[SourceVersion "1"]
[SourceVersionDate "2024.03.27"]
[SourceQuality "1"]

1. e4 c5 2. Nf3 g6 3. d4 cxd4 4. Nxd4 Bg7 5. c4 Nc6 6. Be3 Qb6 7. Nb3 Qd8 8. Qd2 Nf6 9. f3 d6 10. Nc3 0-0 11. Be2 a5 12. Nb5 a4 13. N3d4 Nxd4 14. Nxd4 Qa5 15. Qxa5 Rxa5 16. Bd2 Ra8 17. Bc3 Nd7 18. 0-0-0 Nc5 19. Nb5 Bxc3 20. Nxc3 Be6 21. Rhe1 Rfc8 22. Kb1 Kf8 23. Nd5 Bxd5 24. exd5 a3 25. b3 Na6 26. Rd4 Rc7 27. g4 g5 28. h4 h6 29. f4 f6 30. hxg5 hxg5 31. fxg5 Nb4 32. Re4 Kf7 33. gxf6 exf6 34. Rh1 Re8 35. Rxe8 Kxe8 36. Rh8+ Ke7 37. Ra8 Na6 38. Bd3 Rd7 39. Rh8 Nb4 40. Bf5 Rc7 41. Ra8 Na6 42. Kc2 Nb4+ 43. Kd2 Nxa2 44. Rxa3 Nb4 45. Ra5 Na6 46. Kc3 Kd8 47. b4 Re7 48. c5 Kc7 49. c6 Kb6 50. Kc4 bxc6 51. dxc6 Nc7 52. Bd7 Re4+ 53. Kc3 Re5 54. Rxe5 dxe5 55. Kc4 Na6 56. Bf5 Nc7 57. Be4 Nb5 58. Bg2 Nc7 59. Bh1 Nb5 60. Kd5 Kc7 61. Kc5 Nd4 62. b5 Ne6+ 63. Kd5 Nd4 64. b6+ Kxb6 65. Kd6 Nb5+ 66. Ke6 Kc7 67. Kxf6 Kd6 68. g5 Nd4 69. g6 Ne6 70. g7 1-0

[Event "Reykjavik op"]
[Site "Reykjavik"]
[Date "2023.04.04"]
[Round "9"]
[White "Haugen, Lars Tormod"]
[Black "Jones, Craig W"]
[Result "1/2-1/2"]
[WhiteElo "1837"]
[BlackElo "2075"]
[PlyCount "90"]
[EventDate "2023.03.29"]
[EventType "swiss"]
[EventRounds "9"]
[EventCountry "ISL"]
[SourceTitle "EXT 2024"]
[Source "ChessBase"]
[SourceDate "2023.10.10"]
[SourceVersion "1"]
[SourceVersionDate "2023.10.10"]
[SourceQuality "1"]

1. c4 e5 2. Nc3 Nf6 3. g3 d5 4. cxd5 Nxd5 5. Bg2 Nb6 6. e3 Be7 7. Nge2 Nc6 8. 0-0 Bg4 9. h3 Be6 10. f4 Qd7 11. fxe5 Bxh3 12. d4 Bxg2 13. Kxg2 0-0-0 14. Qc2 f6 15. exf6 Bxf6 16. Qf5 Qxf5 17. Rxf5 Rhe8 18. b3 Nb4 19. Bd2 Nc2 20. Rh1 h6 21. Kf3 Bg5 22. Nf4 Rf8 23. Ra5 a6 24. Ke2 Rfe8 25. Kf3 Nb4 26. Ne4 Nc6 27. Nxg5 Nxa5 28. Nge6 Nc6 29. Nxd8 Rxd8 30. Rh5 Rf8 31. Ke2 Rf6 32. Nd3 Nd7 33. Rh1 Rg6 34. Be1 Kd8 35. Rf1 Ne7 36. Nf4 Rc6 37. Nd3 Rc2+ 38. Bd2 Rxa2 39. Rf7 Nf6 40. Ne5 Nf5 41. Kd3 Nxg3 42. Bb4 c5 43. Bxc5 Nge4 44. Rf8+ Kc7 45. Rf7+ Kd8 1/2-1/2

[Event "Reykjavik op"]
[Site "Reykjavik"]
[Date "2023.03.30"]
[Round "2"]
[White "Samuel, Victor"]
[Black "Haugen, Lars Tormod"]
[Result "0-1"]
[WhiteElo "1269"]
[BlackElo "1837"]
[PlyCount "64"]
[EventDate "2023.03.29"]
[EventType "swiss"]
[EventRounds "9"]
[EventCountry "ISL"]
[SourceTitle "CBM 213 Extra"]
[Source "ChessBase"]
[SourceDate "2023.05.31"]
[SourceVersion "1"]
[SourceVersionDate "2023.05.31"]
[SourceQuality "1"]

1. g3 c5 2. Bg2 Nc6 3. b3 d6 4. Bb2 e5 5. d3 g6 6. Nd2 Bg7 7. e3 Nge7 8. Ne2 0-0 9. 0-0 Be6 10. f4 Qd7 11. fxe5 dxe5 12. e4 b5 13. a4 a6 14. axb5 axb5 15. Nf3 f6 16. Qd2 Rfd8 17. Rxa8 Rxa8 18. Ra1 Rxa1+ 19. Bxa1 c4 20. bxc4 Qa7+ 21. Bd4 Nxd4 22. Nfxd4 bxc4 23. h4 Nc6 24. Kh2 Nxd4 25. dxc4 Bxc4 26. Nxd4 Qxd4 27. Qxd4 exd4 28. Bf3 Kf7 29. g4 Ke6 30. Kg3 Ke5 31. g5 Ba2 32. gxf6 Bxf6 0-1

[Event "Kragero op"]
[Site "Kragero"]
[Date "2022.02.26"]
[Round "8"]
[White "Haug, Havard"]
[Black "Haugen, Lars Tormod"]
[Result "1/2-1/2"]
[WhiteElo "1801"]
[BlackElo "1710"]
[PlyCount "100"]
[EventDate "2022.02.23"]
[EventType "swiss"]
[EventRounds "9"]
[EventCountry "NOR"]
[SourceTitle "EXT 2023"]
[Source "ChessBase"]
[SourceDate "2022.10.05"]
[SourceVersion "1"]
[SourceVersionDate "2022.10.05"]
[SourceQuality "1"]

1. e4 c5 2. c3 Nf6 3. e5 Nd5 4. d4 cxd4 5. Nf3 e6 6. cxd4 d6 7. Nc3 Nxc3 8. bxc3 Qc7 9. Bd2 Nd7 10. exd6 Bxd6 11. Bd3 b6 12. Be4 Bb7 13. Qc2 Bxe4 14. Qxe4 0-0 15. 0-0 e5 16. Rfe1 exd4 17. cxd4 Nf6 18. Qf5 Qc8 19. Qd3 h6 20. Nh4 Re8 21. Rxe8+ Nxe8 22. Nf5 Bf8 23. Bf4 Qd7 24. d5 Nd6 25. Nxd6 Bxd6 26. Bxd6 Qxd6 27. g3 Rc8 28. Rd1 Rc5 29. Re1 Rc8 30. Qb5 Kh7 31. Rd1 Rc5 32. Qe8 Rc7 33. Qe4+ g6 34. h4 h5 35. Qd4 Rd7 36. Rd3 Re7 37. Rc3 Qe5 38. Qxe5 Rxe5 39. Rc7 Kg7 40. d6 Rd5 41. d7 a5 42. Rb7 Kf8 43. Rxb6 Rxd7 44. Rb5 a4 45. Rb4 a3 46. Ra4 Rd3 47. Kf1 Rc3 48. Ke1 Kg7 49. Kd2 Rf3 50. Ke2 Rc3 1/2-1/2